00637cam a22002177a 4500003000500000005001700005008004100022010001000063011001000073035001000083040000900093082001700102100003300119245010300152260006400255300001000319490002500329650001900354650002100373830002500394CHAP20240408105508.0971013s r 00010 d a67278 a68250 a77722 cCHAP a526.982bC3810aCarrillo Espinosa, Guillermo 0aAlgunos métodos prácticos en la resolución de ejercicios fotogramétricos y cartográficos aChapingo, Méx. :bUACH. División de Ciencias Forestales a45 p. 0aSerie de apoyov; 3214aCartografía.14aFotogrametría.0 aSerie de apoyov; 32